000 00665nam a2200289Ia 4500
005 20260324130528.0
008 008 260324s9999 xx 000 0 eng d
020 _a9780203002834
037 _aEBOOK
040 _aCRL
040 _beng
040 _cCRL
041 _2eng
041 _aeng
084 _qCRL
100 _aViviene E. Cree; Ann Davis
_91182125
245 0 _aSocial Work
245 0 _bVoices from the inside
260 _bTaylor and Francis
260 _c2007
365 _a
365 _b280
856 _uhttp://www.taylorfrancis.com/books/9780203002834
942 _cEBOOK
999 _c1778355
_d1778355